| 000 | 00428cam a2200181ua 4500 | ||
|---|---|---|---|
| 001 | 3277 | ||
| 008 | 111014n ii |||gr||||Z||||||asm | ||
| 040 | _cMAIN | ||
| 082 | _a891.4513 | ||
| 100 | 1 | _aDevi, Jahnobi, | |
| 245 | 1 | 1 |
_aUpanyas bichar _cby Jahnobi Devi |
| 250 | _a1st. | ||
| 260 |
_aGuahati: _bChandra Prakash, _c2003. |
||
| 300 |
_a142p: _c23cm. |
||
| 653 | _aAssamese novel | ||
| 653 | _aUpanyas bichar | ||
| 942 | _cBK | ||
| 999 |
_c3122 _d3122 |
||